000 01142nam a22003377a 4500
003 CHAP
005 20220329134114.0
008 971013s1985 r 00010 d
010 _a15449
011 _a16421
035 _a20500
040 _cCHAP
090 _aFolleto 11310
100 0 0 _aBernal Ladín, Jorge A.
_911893
245 _aDistribución actual del castor, Castor canadensis mexicanus en el noreste de México
260 _aMéxico, D. F. :
_bInstituto Nacional de Investigaciones Forestales,
_c1985
300 _a13 p.
490 _aINIF. Boletín técnico
_v; 138
590 _aBATCH-UPD
_b10
_c20130110
_lUCH01
_h1939
590 _aBATCH-UPD
_b10
_c20130410
_lUCH01
_h1302
590 _aBATCH-UPD
_b10
_c20130914
_lUCH01
_h0858
590 _aCONVERSION
_b10
_c20130109
_lUCH01
_h1310
650 1 4 _aCastor.
_920284
650 1 4 _aZoogeografía.
_9124148
700 0 _aSegura Tovar, Luis Antonio.
_9103669
830 0 _aINIF. Boletín técnico
_v; 138
_958610
901 _aBK
942 _cFOLL
949 _aFolleto 11310
_bBC
_cFOLL
_d-47825
_eTS1
_i20500
_mD
_si
949 _aFolleto 11310
_bBC
_cFOLL
_d-47826
_eTS2
_fc.2
_i20500
_si
999 _c15449
_d15449